El estado de los recursos de tierras y aguas del mundo para la alimentación y la agricultura: cómo gestionar los sistemas en peligro

Na minha lista:
Detalhes bibliográficos
Autor principal: Organización de las Naciones Unidas para la Alimentación y la Agricultura (autor)
Formato: Livro
Idioma:espanhol
Publicado em: Roma Organización de las Naciones Unidas para la Alimentación y la Agricultura 2011
Edição:1a. ed
Colecção:Resumen
Assuntos:
Tags: Adicionar Tag
Sem tags, seja o primeiro a adicionar uma tag!

MARC

LEADER 00000cam a2200000 a 4500
001 UCD2211
003 CL-VaPUC
008 160414e20110000it |||||||||||||||||spa|d
082 0 4 |a 630  |b ORG  |2 21 
100 |a Organización de las Naciones Unidas para la Alimentación y la Agricultura  |e autor  |9 585536 
245 1 3 |a El estado de los recursos de tierras y aguas del mundo para la alimentación y la agricultura: cómo gestionar los sistemas en peligro 
250 |a 1a. ed 
300 |a 47 p 
942 |c BK 
945 |d 20160414 22:20:00  |a arojas 
260 |a Roma  |b Organización de las Naciones Unidas para la Alimentación y la Agricultura  |c 2011 
650 0 |a Recursos naturales  |9 255232 
650 7 |a GESTION DE RECURSOS NATURALES  |2 CL-VaPUC  |9 465748 
650 7 |a TIERRAS  |2 CL-VaPUC  |9 357983 
650 0 |a Agua  |9 257149 
583 |a last modification  |c 20160414 22:20:00  |k Rodrigo Vera 
490 0 |a Resumen 
999 |c 363400  |d 363398 
952 |0 0  |1 0  |3 erb  |4 0  |6 630_000000000000000_ORG_2011  |7 0  |8 A  |9 475602  |a BIBAGR  |b BIBAGR  |i 528225K  |o 630 ORG 2011  |p 528225K  |r 2025-01-20  |w 2019-11-24  |y BK  |z Catalogado en:20160414  |k AGR